| 000 | 01219 a2200265 4500 | ||
|---|---|---|---|
| 003 | Nust | ||
| 005 | 20221012145946.0 | ||
| 010 | _a 97078220 | ||
| 020 | _a0764531131 | ||
| 035 | _a(OCoLC)39776091 | ||
| 040 | _cNust | ||
| 082 | 0 | 0 | _a005.4469,LEW |
| 100 | 1 |
_aLewis, Morris. _9100050 |
|
| 245 | 1 | 0 |
_aWindows 98 MCSE study guide / _cMorris Lewis and Mark B. Cooper. |
| 260 |
_aFoster City, CA : _bIDG Books Worldwide, _cc1998. |
||
| 300 |
_axxxii, 762 p. : _bill. ; _c25 cm. + 1 computer laser optical disc (4 3/4 in.) |
||
| 505 | _aPART-1: Windows 98 Architecture (Page-1), PART-2:Windows 98 Architecture (Page-159), PART-3: Windows 98 Architecture (Page-367), Part-4: Resources (Page-599). | ||
| 650 | 0 |
_aElectronic data processing personnel _xCertification. _981704 |
|
| 650 | 0 |
_aMicrosoft software _xExaminations _xStudy guides. _994861 |
|
| 700 | 1 |
_aCooper, Mark B. _9100051 |
|
| 856 | 4 | 2 |
_3Contributor biographical information _uhttp://www.loc.gov/catdir/enhancements/fy0705/97078220-b.html |
| 856 | 4 | 2 |
_3Publisher description _uhttp://www.loc.gov/catdir/description/wiley038/97078220.html |
| 856 | 4 | 2 |
_3Table of contents _uhttp://www.loc.gov/catdir/toc/wiley023/97078220.html |
| 942 |
_2ddc _cBK _k005.4469,LEW |
||
| 999 |
_c179670 _d179670 |
||